Hand embroiderer : (Record no. 165637)
[ view plain ]
| 000 -LEADER | |
|---|---|
| fixed length control field | 00565nam a22001697a 4500 |
| 005 - DATE AND TIME OF LATEST TRANSACTION | |
| control field | 20190625162240.0 |
| 010 ## - LCCN (DPL NO) | |
| LC control number | ENG-125759 |
| 020 ## - INTERNATIONAL STANDARD BOOK NUMBER | |
| International Standard Book Number | 9789352920822 |
| Terms of availability | 100.00 |
| 035 ## - SYSTEM CONTROL NUMBER | |
| System control number | EN-109291 |
| 037 ## - SOURCE OF ACQUISITION | |
| Source of stock number/acquisition | DBAD/PUB |
| 082 ## - DEWEY DECIMAL CLASSIFICATION NUMBER | |
| Classification number | 746.44 |
| 245 ## - TITLE STATEMENT | |
| Title | Hand embroiderer : |
| Remainder of title | (addawala) (job role) textbook for class IX |
| 260 ## - PUBLICATION, DISTRIBUTION, ETC. (IMPRINT) | |
| Place of publication, distribution, etc | New Delhi |
| Name of publisher, distributor, etc | National Council of Educational Research and Training |
| Date of publication, distribution, etc | 2018 |
| 270 ## - ADDRESS | |
| Address | NCERT Campus, Sri Aurobindo Marg |
| City | New Delhi |
| Postal code | 110016 |
| Telephone number | 011-26562708 |
| 300 ## - PHYSICAL DESCRIPTION | |
| Extent | 102p. |
| Dimensions | 26cm(pbk) |
| 942 ## - ADDED ENTRY ELEMENTS (KOHA) | |
| Source of classification or shelving scheme | Dewey Decimal Classification |
| Item type | English Books |
| Classification part | 746.44 |
| Call number suffix | HAN |
| Withdrawn status | Lost status | Not for loan | Collection code | Home library | Current library | Date acquired | Source of acquisition | Cost, normal purchase price | Full call number | Barcode | Copy number | Cost, replacement price | Koha item type |
|---|---|---|---|---|---|---|---|---|---|---|---|---|---|
| Non-fiction | Ashok Vihar | Ashok Vihar | 25/06/2019 | DBAD/PUB | 100.00 | 746.44 HAN | EN-109291 | 1 | 100.00 | English Books |
